000 00700nam a22002177a 4500
005 20241203142035.0
010 _aENG-142773
020 _c165.00
_a9789364449113
035 _aEN-126305
037 _bDBAD
082 _a660
100 _aSivagurunathan, G.S.
_974590
245 _aEngineering Chemistry/
_cby G.S. Sivagurunathan; S. Rekha [and] M. Sivaperumal
250 _a1
260 _aChennai
_bMcGraw Hill Education Private Ltd
_c2024
270 _aAnjana Complex, No. 5/90A, Butt Road, St Thomas Mount
_bChennai
_e600016
300 _avpp.
_c23cm(pb)
700 _a S. Rekha
_eAuthor
_974591
700 _aM. Sivaperumal
_eAuthor
_974592
942 _2ddc
_cEN
_mSIV
_h660
999 _c207365
_d207365